5HLuxD.jpg

KING HENRY VIII SENIOR AND PRIMARY SCHOOL LIBRARY OPAC

Starbook : (Record no. 4657)

000 -LEADER
fixed length control field 01039nam a22001817a 4500
003 - CONTROL NUMBER IDENTIFIER
control field OSt
005 - DATE AND TIME OF LATEST TRANSACTION
control field 20250307083531.0
008 - FIXED-LENGTH DATA ELEMENTS--GENERAL INFORMATION
fixed length control field 250307b ||||| |||| 00| 0 eng d
020 ## - INTERNATIONAL STANDARD BOOK NUMBER
International Standard Book Number 9781846040818
040 ## - CATALOGING SOURCE
Transcribing agency KH8
082 ## - DEWEY DECIMAL CLASSIFICATION NUMBER
Classification number FIC OKR
100 ## - MAIN ENTRY--PERSONAL NAME
Personal name Okri, Ben,
Relator term author.
245 ## - TITLE STATEMENT
Title Starbook :
Remainder of title a work of magic /
Statement of responsibility, etc. Ben Okri.
260 ## - PUBLICATION, DISTRIBUTION, ETC.
Place of publication, distribution, etc. London ;
Name of publisher, distributor, etc. Rider Books ,
Date of publication, distribution, etc. 2008.
300 ## - PHYSICAL DESCRIPTION
Extent 422 pages :
Dimensions 20 cm.
520 ## - SUMMARY, ETC.
Summary, etc. Starbook tells the tale of a prince and a maiden in a mythical land where a golden age is ending. A magnificent achievement and a modern-day parable, Starbook offers a vision of life far greater than ourselves. Starbook tells the tale of a prince and a maiden in a mythical land where a golden age is ending. Their fragile story considers the important questions we all face, exploring creativity, wisdom, suffering and transcendence in a time when imagination still ruled the world. A magnificent achievement and a modern-day parable, Starbook offers a vision of life far greater than ourselves.
942 ## - ADDED ENTRY ELEMENTS (KOHA)
Source of classification or shelving scheme
Koha item type Books - Fiction
Holdings
Withdrawn status Lost status Source of classification or shelving scheme Damaged status Not for loan Collection code Permanent Location Current Location Shelving location Date acquired Full call number Barcode Date last seen Price effective from Koha item type
          Fiction KH8 Senior School Library KH8 Senior School Library Fiction 2025-03-07 FIC OKR 3KHSL000102247 2025-03-07 2025-03-07 Books - Fiction

Powered By KH8 IT Dept